000 00822nam a2200241 i 4500
003 DO-SdBNP
005 20240305081623.0
007 ta
008 240405b2002 dr ac||| |||| 00| 0 spa d
040 _aDO-SdBNP
_bspa
_cBNPHU
_erda
082 4 _bR426g
_222
110 _aRepública Dominicana.
_bSecretaria de Estado de Medio Ambiente y Recursos Naturales
245 1 0 _aGuía botánica cueva de las Maravillas :
_bCumayasa, República Dominicana
264 _aSanto Domingo :
_bSecretaria de Estado de Medio Ambiente y Recursos Naturales,
_c2002.
300 _a71 páginas : :
_bilustraciones ;
_c29 cm.
336 _2rdacontent
_atexto
_btxt
337 _2rdamedia
_asin mediación
_bn
338 _2rdacarrier
_avolumen
_bnc
590 _aInventariado, 2024/DG
700 _983650
910 _aDG
942 _2ddc
_cLBS1
999 _c56031
_d56031